Résumé de l'histoire du mouvement interparlamentaire pour l'arbritrage et pour la paix (Record no. 183811)
[ view plain ]
| 000 -LEADER | |
|---|---|
| campo de control de longitud fija | 00584nam a2200133 i 4500 |
| 001 - NÚMERO DE CONTROL | |
| campo de control | 183811 |
| 003 - IDENTIFICADOR DE NÚMERO DE CONTROL | |
| campo de control | ES-MaACL |
| 005 - FECHA Y HORA DE LA ÚLTIMA TRANSACCIÓN | |
| campo de control | 20230906221956.0 |
| 008 - DATOS DE LONGITUD FIJA--INFORMACIÓN GENERAL | |
| campo de control de longitud fija | 141020s1891 it |||| | fre d |
| 245 00 - MENCIÓN DEL TÍTULO | |
| Título | Résumé de l'histoire du mouvement interparlamentaire pour l'arbritrage et pour la paix |
| Resto del título | : extrait des Rapports Officiels des Comités d'Organisation de Paris et de Londres. |
| 260 ## - PUBLICACIÓN, DISTRIBUCIÓN, ETC. | |
| Lugar de publicación, distribución, etc. | Padoue : |
| Nombre del editor, distribuidor, etc. | [s.n.], |
| Fecha de publicación, distribución, etc. | 1891 ( |
| Fabricante | Prosperini) |
| 300 ## - DESCRIPCIÓN FÍSICA | |
| Extensión | 20 p. ; |
| Dimensiones | 23 cm. |
| 852 ## - LOCALIZACIÓN | |
| Ubicación | ES-MaACL |
| Número de control de estantería | T-557-F-7 |
| Nota libre | .- Dedicatoria ms. de Arturo de Marcoantu a la Biblioteca del Ateneo de Madrid, 1891 |
| Estatus retirado | Estado de pérdida | Estado de daño | No para préstamo | Colección | Biblioteca de origen | Biblioteca actual | Ubicación en estantería | Fecha de adquisición | Fuente de adquisición | Total de préstamos | Signatura topográfica completa | Código de barras | Visto por última vez | Precio de reemplazo | Tipo de ítem Koha |
|---|---|---|---|---|---|---|---|---|---|---|---|---|---|---|---|
| Colección de folletos | Biblioteca del Ateneo de Madrid | Biblioteca del Ateneo de Madrid | Depósito folletos | 20/10/2014 | T-557-F-7 | 1193257 | 23/02/2023 | 23/02/2023 | Folleto |
